000 00606nam a22001937a 4500
999 _c4141
_d4141
005 20260115095335.0
008 250122b ||||| |||| 00| 0 eng d
020 _a9781499421439
040 _cKH8
082 _a581 PUR
100 _aDEVI PURI
_ePURI,DEVI
245 _aPLANTS THAT HIDE
260 _a29 East 21st Street,New York,NY 10010
_bThe Rosen Publishing Group,Inc
_c2017
300 _a24 pages
_bcolour illustration
_c15cm x 23cm
521 _aAll about plants! All about the unusual plants.
650 _aNon Fiction
655 _aScience
942 _2ddc
_h581 PUR
_cNFIC